000 01398naa a22003497a 4500
001 BR8702346
003 BR-BrBNA
005 20240918175801.0
007 ta
008 230509b bl.||||| |||| 00| 0 por d
040 _aBR-BrBNA
_bpor
_cBiblioteca Nacional de Agricultura
041 _a(Pt)
072 _aH10
_b0710
_b4030
_bG514
090 _aH10 BR8702346
100 1 _aOrth, A.I.
100 1 _aReis Filho, W.
100 1 _aPetri, J.L.
100 1 _aMelzer, R.
110 1 _aEmpresa Catarinense de Pesquisa Agropecuaria S.A., Cacador, SC (Brasil). Estacao Experimental de Cacador
_93962
111 1 _a8. Congresso Brasileiro de Fruticultura
_cBrasilia, DF (Brazil)
_d26-31 Jan 1986
245 1 _aEfeito dos produtos utilizados na quebra de dormencia em macieira sobre ovos de inverno do acaro vermelho Europeu Panonychus ulmi (Koch)[Santa Catarina, Brasil]
260 3 _aBrasilia, DF (Brasil):
_c1986.
500 _aPrograma e resumos do 8. Congresso Brasileiro de Fruticultura Brasilia, DF (Brasil): 1986. p. 53-54 (BR8702346-AM)H10
650 _aMACA
650 _aQUEBRA DA DORMENCIA
650 _aACARO VERMELHO
650 _aCONTROLE QUIMICO
650 _aSANTA CATARINA
773 0 _tPrograma e resumos do 8. Congresso Brasileiro de Fruticultura
_wH10 BR8702346
_gBrasilia, DF (Brasil), 1986. p. 53-54
909 _a202404
_bLucia
_c55
_dLucia Elande
942 _cAM
_2AGRIS
999 _c318129
_d318129